Personnages de fiction en images #9 - Statistiques

Statistiques générales
  • Ce quiz a été pris 148 fois
  • Le résultat moyen est 18 sur 40
Statistiques - réponses
Par images Hint Réponse % Correct
La Reine des neiges Olaf
98%
Batman Catwoman
97%
Monsieur Propre
95%
Winnie l'ourson Tigrou
92%
Nana Dubouchon
86%
Shrek L'Âne
83%
Fifi Duck
79%
Star Wars C-3PO
73%
La Petite Sirène Ursula
73%
Harry Potter Sirius Black
71%
Le Seigneur des anneaux Legolas
66%
Bécassine
65%
Scooby-Doo Fred Jones
63%
Bernard
62%
Crash Bandicoot
57%
Les Quatre Fantastiques Torche humaine
56%
Lucky Luke Jolly Jumper
51%
Hannah Montana
49%
Les Simpson Apu Nahasapeemapetilon
48%
One Piece Usopp
48%
Spiderman Tante May
45%
Sonic the Hedgehog Tails
43%
Scènes de ménages Raymond
39%
Desperate Housewives Mike Delfino
38%
Death Note Ryuk
38%
Stranger Things Jim Hopper
28%
La Petite Maison dans la prairie Mary Ingalls
26%
Chapi
24%
Retour vers le futur Biff Tannen
21%
South Parker Butters Stotch
21%
Sex and the City Carrie Bradshaw
21%
Avatar Neytiri
18%
Dallas Bobby Ewing
15%
La Belle au Bois Dormant Pâquerette
13%
Rintintin
12%
Thorgal Aegirsson
10%
Guignol Gnafron
8%
L'Histoire sans fin Falkor
6%
Indiana Jones Sallah
3%
The White Lotus Tanya McQuoid
3%
Aucun quiz correspondant
Distribution des résultats
% des personnes avec chaque résultat
Percentile par nombre de réponses
Votre historique - résultats
Vous n’avez pas pris ce quiz